<?xml version="1.0" encoding="UTF-8"?>
<collection xmlns="http://www.loc.gov/MARC21/slim">
  <record>
    <leader>00000nam  2200000   4500</leader>
    <controlfield tag="001">INLIS000000000057481</controlfield>
    <datafield tag="990" ind1="#" ind2="#">
      <subfield code="a">114.355/PRO-97</subfield>
    </datafield>
    <datafield tag="990" ind1="#" ind2="#">
      <subfield code="a">114.355/PRO-97</subfield>
    </datafield>
    <controlfield tag="005">20210126114845</controlfield>
    <datafield tag="035" ind1="#" ind2="#">
      <subfield code="a">0010-0121000071</subfield>
    </datafield>
    <datafield tag="245" ind1="1" ind2="#">
      <subfield code="a">PERMESTA :</subfield>
      <subfield code="b">Jejak-Jejak Pengembaraan</subfield>
    </datafield>
    <datafield tag="100" ind1=" " ind2="#">
      <subfield code="a">Phill M. Sulu</subfield>
    </datafield>
    <datafield tag="300" ind1="#" ind2="#">
      <subfield code="a">196hlm ;</subfield>
      <subfield code="c">21 cm</subfield>
    </datafield>
    <datafield tag="260" ind1="#" ind2="#">
      <subfield code="a">JAKARTA :</subfield>
      <subfield code="b">PUSTAKA SINAR HARAPAN,</subfield>
      <subfield code="c">1997</subfield>
    </datafield>
    <datafield tag="082" ind1="#" ind2="#">
      <subfield code="a">959.861</subfield>
    </datafield>
    <datafield tag="084" ind1="#" ind2="#">
      <subfield code="a">959.861 PHI p</subfield>
    </datafield>
    <datafield tag="020" ind1="#" ind2="#">
      <subfield code="a">979-416-421-6</subfield>
    </datafield>
    <datafield tag="990" ind1="#" ind2="#">
      <subfield code="a">114.355/PRO-97</subfield>
    </datafield>
  </record>
</collection>
